00871nam a2200205 a 450000100100000000500170001000800410002702000150006804000250008324501010010826000750020930000210028470000320030570000310033771000600036804900090042895201050043795201060054299900170064800003527620200930074226.0111027s2000 dr 000 0 spa d a8400079736 aDO-SdBNPbspacBNPHU00aValles submarinos y sistemas turbidíticos modernos /ceditores Belén Alonso y Gemma Ercilla. aBarcelona :bConsejo Superior de Investigaciones Científicas,c2000. a292 p. ;c29 cm.12aAlonso, Beléneed.96104012aErcilla, Gemmaeed.9610412 aConsejo Superior de Investigaciones Científicas94786 aBNPD 0010718PDaGRbGRcHDd2011-10-27iLF1l0o p35276-10r2020-06-25w2020-06-25yLFPDZNo se presta 00107-18PDaGRbGRcOId2011-10-27iLF1l0o p35277-10r2020-06-25w2020-06-25yLFPDZNo se presta c34767d34767